CityBuilder II - Statistics

General Stats
  • This quiz has been taken 5 times
  • The average score is 16 of 20
Answer Stats
Country Clue Subdivision Answer % Correct
Ghana A5 Greater ----- Accra
100%
Netherlands A9 Netherlands Amsterdam
100%
Samoa A4 N/A Apia
100%
United Kingdom B7 England Bristol
100%
Ukraine D6 ------petrovsk Dnipro
100%
Bahrain M6 Capital Manama
100%
Morocco M9 --------- -Safi Marrakesh
100%
Colombia M8 Antioquia Medellín
100%
Iran T6 ------ Tehran
100%
Japan T5 ----- Tokyo
100%
France T8 Occitanie Toulouse
100%
Russia Y13 Sverdlovsk Yekaterinburg
100%
United States L9 Kentucky Lexington
80%
Canada R6 Saskatchewan Regina
80%
Chile S8 -------- Santiago
80%
Portugal C7 ------- Coimbra
60%
Georgia K7 Imereti Kutaisi
40%
Papua New Guinea L3 Morobe Lae
40%
India N6 Maharashtra Nashik
20%
China Z11 Hebei Zhangjiakou
20%
No matching quizzes found
Score Distribution
Percent of People with Each Score
Percentile by Number Answered
Your Score History
You have not taken this quiz